Разработка системы учета посещаемости студентов на основе системы контроля и управления доступом; Молодежь и современные информационные технологии

Dettagli Bibliografici
Parent link:Молодежь и современные информационные технологии.— 2024.— С. 235-238
Autore principale: Киселев К. И.
Riassunto:Представленная работа рассматривает важность учебной аналитики как технологического тренда, нацеленного на оптимизацию образовательных процессов путем анализа больших данных. Внимание уделено разработке системы учета посещаемости студентов Томского политехнического университета с использованием системы контроля и управления доступом, а также визуализации данных в Power BI. Результатом работы выступает дашборд с информацией о посещаемости занятий, направленный на улучшение организационной работы со студентами
Текстовый файл
Lingua:russo
Pubblicazione: 2024
Serie:Искусственный интеллект, машинное обучение и большие данные
Soggetti:
Accesso online:http://earchive.tpu.ru/handle/11683/84828
Natura: MixedMaterials Elettronico Capitolo di libro
KOHA link:https://koha.lib.tpu.ru/cgi-bin/koha/opac-detail.pl?biblionumber=675442

MARC

LEADER 00000naa2a2200000 4500
001 675442
005 20250226120038.0
090 |a 675442 
100 |a 20241013d2024 k||y0rusy50 ca 
101 0 |a rus 
102 |a RU 
135 |a drbn ---uucaa 
200 1 |a Разработка системы учета посещаемости студентов на основе системы контроля и управления доступом  |f Киселев К. И. 
225 1 |a Искусственный интеллект, машинное обучение и большие данные 
283 |2 RDAcarrier 
320 |a Список использованных источников: 3 назв 
330 |a Представленная работа рассматривает важность учебной аналитики как технологического тренда, нацеленного на оптимизацию образовательных процессов путем анализа больших данных. Внимание уделено разработке системы учета посещаемости студентов Томского политехнического университета с использованием системы контроля и управления доступом, а также визуализации данных в Power BI. Результатом работы выступает дашборд с информацией о посещаемости занятий, направленный на улучшение организационной работы со студентами 
336 |a Текстовый файл 
463 |0 674802  |9 674802  |c Томск  |d 2024  |n Изд-во ТПУ  |o сборник трудов XXI Международной научно-практической конференции студентов, аспирантов и молодых ученых, 15–18 апреля 2024 г., Томск  |t Молодежь и современные информационные технологии  |u conference_tpu-2024-C04.pdf  |v С. 235-238  |f ред. кол. А. С. Фадеев, Н. Г. Марков, В. Г. Спицын [и др.] 
610 1 |a электронный ресурс 
610 1 |a труды учёных ТПУ 
610 1 |a учебная аналитика 
610 1 |a дашборд 
610 1 |a система контроля 
700 1 |a Киселев  |b К. И. 
801 0 |a RU  |b 63413507  |c 20241013 
850 |a 63413507 
856 4 |u http://earchive.tpu.ru/handle/11683/84828  |z http://earchive.tpu.ru/handle/11683/84828 
942 |c CF